TO STUDY AND COMPARE MICROWAVE CURED DENTURE BASE RESIN AND CONVENTIONAL DENTURE BASE RESIN WITH RESPECT TO THEIR FLEXURAL STRENGTH POROSITY AND RETENTION AN IN VITRO AND IN VIVO STUDY (Record no. 17111)

MARC details
000 -LEADER
fixed length control field 00466nam a22001337a 4500
003 - CONTROL NUMBER IDENTIFIER
control field SGT
082 ## - DEWEY DECIMAL CLASSIFICATION NUMBER
Classification number 617.692
Item number T14S
100 ## - MAIN ENTRY--PERSONAL NAME
Personal name DEEPA, SURA
245 ## - TITLE STATEMENT
Title TO STUDY AND COMPARE MICROWAVE CURED DENTURE BASE RESIN AND CONVENTIONAL DENTURE BASE RESIN WITH RESPECT TO THEIR FLEXURAL STRENGTH POROSITY AND RETENTION AN IN VITRO AND IN VIVO STUDY
260 ## - PUBLICATION, DISTRIBUTION, ETC. (IMPRINT)
Place of publication, distribution, etc DELHI NCR
Name of publisher, distributor, etc SGT UNIVERSITY GURUGRAM
Year of Publication 2014
300 ## - PAGE DESCRIPTION
No. of Pages 1-73
650 ## - SUBJECT ADDED ENTRY--TOPICAL TERM
Topical term or geographic name as entry element PROSTHODONTICS
942 ## - ADDED ENTRY ELEMENTS (KOHA)
Source of classification or shelving scheme Dewey Decimal Classification
Koha item type Thesis/Dissertation
Holdings
Withdrawn status Lost status Source of classification or shelving scheme Damaged status Not for loan Home library Current library Shelving location Date acquired Vendor Name SGTU Total Checkouts Full call number Accession No. (Barcode) Date last seen Bill Date Koha item type
    Dewey Decimal Classification     SGT Dental Library SGT Dental Library Reference Book 11/03/2019 PERFECT BOOK BINDING HOUSE NEW DELHI SGTU   617.692 T14S DT209 11/03/2019 11/03/2019 Thesis/Dissertation
    Dewey Decimal Classification     SGT Dental Library SGT Dental Library Reference Book 11/05/2021   SGTU   617.692 T14S DT1230 11/05/2021 11/05/2021 Thesis/Dissertation